Normal view MARC view

Entry Nome pessoal

Number of records used in: 7

001 - NÚMERO DE CONTROLE

  • campo de controle: 409

003 - IDENTIFICADOR DO NÚMERO DE CONTROLE

  • campo de controle: Br

005 - DATA E HORÁRIO DA ÚLTIMA TRANSAÇÃO

  • campo de controle: 20250203160821.0

008 - CAMPO DE DADOS FIXOS

  • campo de controle de tamanho fixo: 990719|| acnnnaab| aaaa d

035 ## - NÚMERO DE CONTROLE DO SISTEMA

  • Número de Controle do Sistema: 99071914033812106

040 ## - FONTE DA CATALOGAÇÃO

  • Instituição da catalogação original: Br
  • Instituição que transcreveu o registro: Br
  • Convenções de cabeçalho de assunto/tesauros: Br

100 1# - CABEÇALHO--NOME PESSOAL

  • Nome pessoal: Eco, Umberto,
  • Datas associadas ao nome: 1932-2016

400 1# - REMISSIVA VER--NOME PESSOAL

  • Nome pessoal: Eko, Umberto
  • Datas associadas ao nome: 1932-2016

400 1# - REMISSIVA VER--NOME PESSOAL

  • Nome pessoal: Eko, Humberto
  • Datas associadas ao nome: 1932-2016

400 1# - REMISSIVA VER--NOME PESSOAL

  • Nome pessoal: Eco, Humberto
  • Datas associadas ao nome: 1932-2016

400 0# - REMISSIVA VER--NOME PESSOAL

  • Nome pessoal: Dedalus
  • Datas associadas ao nome: 1932-2016

670 ## - FONTE POSITIVA DOS DADOS

  • Citação da fonte positiva dos dados: Autor de: Le nom de la rose. 1983.

670 ## - FONTE POSITIVA DOS DADOS

  • Citação da fonte positiva dos dados: Bristol, Brian. Por que amamos ler?... 2008
  • Dados encontrados na fonte localizada no subcampo: (p.103: d.n.; romancista e erudito italiano)

670 ## - FONTE POSITIVA DOS DADOS

  • Citação da fonte positiva dos dados: http://authorities.loc.gov 9/8/10
  • Dados encontrados na fonte localizada no subcampo: (d.n., rems.)

670 ## - FONTE POSITIVA DOS DADOS

  • Citação da fonte positiva dos dados: http://en.wikipedia.org/wiki/Umberto_Eco 22/02/2016
  • Dados encontrados na fonte localizada no subcampo: (Umberto Eco nasceu no dia 5 de janeiro de 1932 em Milão e faleceu em 19 de fevereiro de 2016, foi um escritor, filósofo, semiólogo, linguista e bibliófilo italiano de fama internacional)

Powered by Koha